00526nam a2200193Ia 4500008004100000041001200041082001200053100004900065245004000114260003400154300000800188365000800196520001200204546001200216630004000228650001200268655001200280730004000292101110s9999 xx 000 0 und d aENGLISH bSR32777 aBhole K.G., Shroff Adarsha & Ranade Abhay J. aA new course in physics vol.I SYBSc c2009bSheth Prakashan, Mumbai a226 b125 aPhysics aENGLISH aA new course in physics vol.I SYBSc aPhysics aPhysics aA new course in physics vol.I SYBSc